[Event "Bundesliga 0102"]
[Site "Germany"]
[Date "2001.11.25"]
[Round "4.4"]
[White "Beim, Valery"]
[Black "Espig, Lutz"]
[Result "1-0"]
[WhiteElo "2527"]
[BlackElo "2421"]
[Annotator "Meulders,R"]
[PlyCount "89"]
[EventDate "2001.10.06"]
[EventType "team-tourn"]
[EventRounds "15"]
[EventCountry "GER"]
[SourceTitle "CBM 087"]
[Source "ChessBase"]
[SourceDate "2002.03.21"]
[SourceVersion "1"]
[SourceVersionDate "2002.03.21"]
[SourceQuality "1"]
[WhiteTeam "Tegernsee"]
[BlackTeam "Koenig Plauen"]
[WhiteTeamCountry "GER"]
[BlackTeamCountry "GER"]

1. d4 Nf6 2. c4 d6 3. Nc3 Nbd7 4. e4 e5 5. Nf3 Be7 6. Be2 O-O 7. O-O c6 8. Qc2
a6 9. Rd1 Qc7 10. Bg5 Re8 11. Rac1 h6 12. Bh4 Nh7 (12... Nf8 13. c5 dxc5 14.
Bg3 cxd4 15. Bxe5 Qa5 16. Rxd4 Be6 17. Rcd1 Ng6 18. Bd6 Bxd6 19. Rxd6 Nf4 $11 {
1/2-1/2 Sher,M-Gulko,B/Volgodonsk 1983/MCD (41)}) (12... Bf8 13. a3 Nh5 14.
Nxe5 Nxe5 15. dxe5 Rxe5 16. Bxh5 Rxh5 17. Bg3 $14 {1-0 Yermolinsky,A-Men,B/USA
1992/TD (30)}) (12... Nh5 13. Bxe7 Rxe7 14. Nxe5 Nxe5 15. dxe5 Rxe5 16. Qd2 Rg5
17. Bxh5 Rxh5 18. Qxd6 Qxd6 19. Rxd6 Be6 20. b3 $16 {1-0 Bacrot,E-Aronian,L/
Lausanne 2001/CBM 82 ext (40)}) 13. Bxe7 (13. Bg3 Ng5 14. Nxg5 (14. Nh4 Ne6 15.
Nf3 Bf6 16. d5 Nd4 17. Nxd4 exd4 18. Na4 c5 $11 {1-0 Georgiev,V-Espig,L/
Germany 2001/CBM 82 ext (61)}) 14... Bxg5 15. Rb1 Bf6 16. d5 c5 17. f3 Nf8 $11
{1-0 Chuchelov,V-Espig,L/Muenster 1995/EXT 2001 (53)}) 13... Rxe7 14. b4 (14.
Qd2 Re8 15. b4 Ndf8 16. d5 c5 17. bxc5 dxc5 18. d6 Qc6 19. Qb2 Nf6 20. Rd3 Bd7
21. Bd1 b5 22. cxb5 axb5 23. Nd5 Qxd6 24. Nxf6+ Qxf6 25. Rxc5 {1/2-1/2 Chekhov,
V-Espig,L/Dresden 1985/MCL (25)}) 14... Nhf6 15. Nh4 (15. a3 Re8 16. h3 b6 17.
Qd2 Bb7 18. Nh4 Nf8 19. Nf5 Rad8 20. dxe5 dxe5 21. Qe3 $14 {1/2-1/2 Sokolov,
I-Espig,L/Germany 1999/EXT 2000 (55)}) 15... Nf8 16. d5 cxd5 17. Nxd5 Nxd5 18.
cxd5 $14 Qxc2 19. Rxc2 g5 20. Rdc1 Bd7 21. Nf3 Nh7 (21... Ree8 22. Rc7 Rec8 23.
h4 $14) 22. h4 g4 23. Nd2 Nf6 24. Nc4 $6 (24. Rc7) 24... Ba4 (24... Nxe4 $1 25.
Nb6 Rae8 26. Nxd7 Rxd7 27. Bxg4 Rde7 $11) 25. Rc3 Rd8 (25... Nxe4 26. Re3 Nf6
27. Nb6 Rae8 28. Nxa4 Nxd5 29. Rb3 $16) 26. Nb6 Bb5 27. Bxb5 axb5 28. f3 $18
gxf3 29. gxf3 Ne8 30. Nc8 Red7 31. Nb6 Re7 32. Nc8 Red7 33. Kf2 f5 34. exf5 Rf7
35. Rg1+ Kh7 36. Rg6 Rxf5 37. Re6 Rf7 (37... Rf4 $1) 38. Rxe8 $1 Rxe8 39. Nxd6
$1 $18 Ree7 40. Nxf7 Rxf7 41. Ke3 Kg6 42. Ke4 Rf4+ 43. Kxe5 Rxh4 44. d6 Rh1 45.
d7 1-0

[Event "GER-ch 73th"]
[Site "Altenkirchen"]
[Date "2001.12.03"]
[Round "4"]
[White "Wahls, Matthias"]
[Black "Jugelt, Tobias"]
[Result "0-1"]
[WhiteElo "2580"]
[BlackElo "2420"]
[Annotator "Meulders,R"]
[PlyCount "106"]
[EventDate "2001.11.30"]
[EventType "swiss"]
[EventRounds "9"]
[EventCountry "GER"]
[SourceTitle "CBM 087"]
[Source "ChessBase"]
[SourceDate "2002.03.21"]
[SourceVersion "1"]
[SourceVersionDate "2002.03.21"]
[SourceQuality "1"]

1. c4 c6 2. e4 e5 3. Nf3 d6 4. d4 Nd7 5. Nc3 Ngf6 6. Be2 Be7 7. O-O O-O 8. Be3
Qc7 9. d5 Nc5 10. Nd2 a5 11. a3 Bd7 12. b3 (12. b4 axb4 13. axb4 Na6 14. b5 $14
) 12... Rfc8 13. Kh1 cxd5 14. exd5 Bf8 {Wie so oft im Alt-Indisch sind die
schwarzen Läufer nicht besonders imposant. Bf8 ist von eigenen Bauern
eingehemmt und der theoretisch gute Bd7 steht ziemlicht passiv .} 15. f4 exf4
16. Bxf4 {[%csl Rd6]} Re8 17. Rc1 Qc8 18. h3 {Verhindert Bg4.} Bf5 19. Bh2 Qd7
20. Nf3 {[%csl Rf5][%cal Gf3d4]} Re3 21. Bf4 Ree8 22. Bh2 Re3 23. Bf4 Ree8 24.
Nd4 {Weiß steht etwas besser und will natürlich keine Zugwiederholung.} Bg6 25.
Bh2 Re3 26. Bf4 Ree8 27. Kg1 Kh8 28. Ncb5 Kg8 {Schwarz kann nur abwarten, aber
seine Stellung ist doch eine ziemlich harte Nuss zu knacken.} 29. Rc3 Nce4 30.
Rc1 Be7 31. Kh1 Bf8 32. Bh2 Nc5 33. Kg1 Re4 34. Nc3 $2 ({Nach} 34. b4 $1 {
hätte Weiß klar besser gestanden. Jetzt fällt er einem taktischen Witz zum
Opfer.}) 34... Rxd4 35. Qxd4 Nxb3 36. Qb6 Nxc1 37. Rxc1 Qe7 $15 38. Bf4 Ne4 39.
Nb5 Qh4 40. Qe3 Re8 41. Bf1 {Schwarz hat die Stellung fest im Griff.} Qf6 42.
Re1 Re7 43. Qc1 Qh4 44. Re2 h6 45. Bh2 Qf6 46. Qe1 a4 47. Re3 {/\ Bd3} Nc5 48.
Rxe7 Bxe7 49. Qf2 Qa1 50. Nxd6 Bf6 $1 51. Nb5 Bd3 $19 52. Bg3 Ne4 53. Qe1 Bxf1
$1 (53... Bxf1 54. Qxf1 (54. Kxf1 Nxg3+) 54... Nxg3) 0-1

[Event "Moscow Aeroflot op"]
[Site "Moscow"]
[Date "2002.02.05"]
[Round "2"]
[White "Wojtkiewicz, Aleksander"]
[Black "Akhmetov, Artiom"]
[Result "1/2-1/2"]
[WhiteElo "2535"]
[BlackElo "2482"]
[Annotator "Meulders,R"]
[PlyCount "64"]
[EventDate "2002.02.04"]
[EventType "swiss"]
[EventRounds "9"]
[EventCountry "RUS"]
[SourceTitle "CBM 088"]
[Source "ChessBase"]
[SourceDate "2002.03.21"]
[SourceVersion "1"]
[SourceVersionDate "2002.03.21"]
[SourceQuality "1"]

1. Nf3 Nf6 2. c4 c6 3. d4 d6 4. Nc3 Nbd7 5. e4 e5 6. Be2 Be7 7. O-O O-O 8. Rb1
Qe8 $5 {Das habe ich hier nicht eher gesehen. Statt die Dame nach dem normalen
Feld c7 zu entwickeln, will Schwarz sofort den schlechten Be7 ins Spiel
bringen.} 9. Qc2 Bd8 10. Rd1 Bb6 11. b4 Qe7 12. Bf1 exd4 13. Nxd4 {[%cal Gd4f5]
} Ne5 14. f3 $6 Nh5 (14... Be6 $5 15. Na4 Bxd4+ 16. Rxd4 c5 17. Rd1 cxb4 18.
Rxb4 d5 {und Schwarz ergreift die Initiative.}) 15. Be3 f5 $6 (15... Be6 $11)
16. Qd2 (16. Nxf5 $5 Bxf5 17. Bxb6 axb6 18. exf5 $14) 16... f4 17. Bf2 Qg5 {
/\...Bxd4/...Nxf3 -+} 18. Kh1 Rf6 {[%cal Gf6h6,Gh6h2]} 19. c5 dxc5 20. bxc5
Bxc5 21. Nf5 Bxf5 (21... Bxf2 22. Qd8+ Kf7 23. Qe7+ Kg6 24. Qxe5 Bxf5 25. exf5+
Rxf5 26. Rd6+ $11) 22. Bxc5 Rh6 23. exf5 Ng3+ 24. Kg1 Nxf3+ 25. gxf3 Ne2+ (
25... Ne4+ $2 26. Qg2 Qxg2+ 27. Kxg2 Nxc5 28. Ne4 $18) 26. Kh1 Ng3+ 27. Kg1
Ne2+ 28. Kh1 (28. Kf2 $4 Rxh2+ 29. Ke1 Qg3+ 30. Bf2 Qxf2#) 28... Rxh2+ 29. Kxh2
Qh4+ 30. Kg2 Qg3+ 31. Kh1 Qxf3+ 32. Kh2 Qg3+ 1/2-1/2

[Event "FIDE World Cup 5-8"]
[Site "Khanty-Mansiysk"]
[Date "2005.12.13"]
[Round "6.2"]
[White "Gelfand, Boris"]
[Black "Gurevich, Mikhail"]
[Result "1-0"]
[WhiteElo "2717"]
[BlackElo "2652"]
[Annotator "Meulders,R"]
[PlyCount "127"]
[EventDate "2005.11.27"]
[EventType "k.o."]
[EventRounds "7"]
[EventCountry "RUS"]
[SourceTitle "CBM 111"]
[Source "ChessBase"]
[SourceDate "2006.04.04"]
[SourceVersion "1"]
[SourceVersionDate "2006.04.04"]
[SourceQuality "1"]

1. d4 Nf6 2. Nf3 d6 3. c4 Nbd7 4. Nc3 e5 5. e4 Be7 6. Be2 c6 7. O-O O-O 8. Be3
Ng4 9. Bd2 a6 10. d5 cxd5 11. cxd5 b5 12. Ne1 Ngf6 13. Nc2 Nc5 14. f3 {[%csl
Rc8] Schwarz hat natürlich - wie immer in Altindisch - den schlechten
schwarzfeldrigen Laüfer, aber der wird oft getauscht. Das größte Sorgenkind
ist eben der Bc8. Was soll man mit diesem Narren machen?} Nh5 (14... Bd7 15. b4
Na4 16. Nxa4 bxa4 17. Na3 (17. Kh1 Ne8 18. f4 exf4 19. Bxf4 Bf6 20. Rc1 Qe7 $16
{1/2-1/2 Mellegers,J-Iuldachev,S/Dieren 2002 (90)}) (17. Ne3 Nh5 18. Nc4 Nf4
19. Bxf4 exf4 20. Qd2 Bb5 21. Na5 $11 {1/2-1/2 Zhao,Z-Rogers,I/Queenstown 2006
(30)}) 17... Qb8 18. Kh1 (18. Bd3 Bd8 19. Rb1 Bb6+ 20. Kh1 Nh5 21. Qe2 f5 $11 {
1/2-1/2 Beckhuis,G-Espig,L/Muenster 1995 (44)}) 18... Rc8 19. Rb1 Ne8 20. b5
axb5 21. Bxb5 Qc7 22. Rc1 Qb7 23. Qe2 $14 {1/2-1/2 Chekhov,V-Hickl,J/Germany
1992 (45)}) 15. Nb4 (15. b4 Nd7 16. g3 Nb6 17. f4 Nf6 18. f5 Bd7 19. Bd3 Rc8
20. Ne3 Rc7 $11 {1-0 Kortschnoj,V-Cech,P/Copenhagen 2005 (49)}) 15... Bg5 {
Wie geplant: weg damit!} 16. Nc6 {16...Qf6 ist der einzige Zug um Bg5 zu
decken, aber indirekt geht es auch.} Qb6 $1 {[%csl Rg1][%cal Gb6g1]} 17. Kh1 (
17. Bxg5 $2 Nxe4+ 18. Kh1 Nxg5 19. h4 Ng3+ 20. Kh2 Nxf1+ 21. Qxf1 Ne6 22. Ne7+
Kh8 23. Nxc8 Raxc8 24. dxe6 fxe6 {und Schwarz steht klar besser.}) 17... Bxd2
18. Qxd2 b4 ({Das bescheidene} 18... Bd7 {ist sicherer. Mit 18...b4 gibt
Schwarz dem Gegner Anknüpfungspunkte.} 19. b4 Na4 20. Nxa4 bxa4 21. Rac1 Nf4
22. Bc4 Kh8 23. g3 Ng6 24. Qf2 Qb7 25. a3 f5 26. Bd3 Rac8 $2 (26... fxe4 $1 $11
) 27. Qe2 Ra8 28. Rc3 $14 {1-0 Latzke,B-Chudinovskih,A/Wuerttemberg 2000 (79)})
19. Nd1 Nf4 20. Ne3 Bd7 (20... Nxe2 21. Qxe2 a5 22. Nc4 Qc7 23. Qc2 f6 24. Rfc1
Nb7 25. a3 bxa3 26. Rxa3 $16 {[%csl Ra5,Rd6] Der weiße Druck kann leicht
verstärkt werden (Qc3, Rca1) und Schwarz ist ohne Gegenspiel.}) (20... a5 $5
21. Rac1 Qc7 22. Bc4 Kh8 $11 {wie in der Partie}) 21. Bc4 a5 22. Rac1 Kh8 23.
g3 Nh5 (23... Ng6 $5 {erscheint mir besser, nicht so sehr wegen 'Springer am
Rand ist eine Schand', aber weil Ng6 den wichtigen Punkt e5 überdeckt.} 24. Nf5
Qc7 25. Qe3 $6 Rfc8 26. Be2 {[%csl Rc5,Rd6][%cal Ge3c5,Gc1c5]} Bxf5 27. exf5
Ne7 {[%csl Rd5,Rf5][%cal Ge7d5,Ge7f5]} 28. Nxe7 Qxe7 $15) 24. Rfd1 g6 25. Be2 {
[%csl Rd6][%cal Ge3c4,Gc4d6,Gc4e5]} Qc7 26. Nc4 {[%cal Gc4a5,Gc4d6,Gc4e5]} f5 {
Es ist leicht, diesen Zug zu kritisieren, da er sofort verliert, aber viel
schwerer ist es, eine vernünftige Alternative zu geben. Es folgt jetzt eine
lange schwarze Zuckung.} (26... f6 {ist etwas solider, aber nach} 27. Qe3 $16 {
[%csl Rc5,Rd6][%cal Gc4d6,Ge3d4,Ge3c5,Gc1c5] hat Weiß ebenfalls klaren Vorteil.
}) 27. exf5 gxf5 (27... Bxf5 {und jetzt nicht der Schablonenzug} 28. g4 ({aber
} 28. Qe3 $1 Bh3 29. Nxd6 Qxd6 30. Rxc5 $18) 28... Bxg4 29. fxg4 Ne4 30. Qc2
Nf2+ 31. Kg2 Nxd1 32. gxh5 Rf2+ 33. Kg1 Qf7 34. Rxd1 Qf4 $19) 28. Qh6 $18 {
[%csl Rd6,Rh5][%cal Gc4d6,Gh6d6]} Nf6 $8 29. N4xe5 {[%csl Rc5]} dxe5 30. Rxc5 {
Eigentlich ist es erstaunlich, dass Schwarz sich noch mehr als 30 Züge
weiterschleppt.} Qd6 31. Rxa5 Rae8 32. Ra6 Bc8 33. Ra7 Bd7 34. Qd2 f4 35. Qxb4
Qxb4 36. Nxb4 Bh3 37. Nc6 e4 38. Re7 Rc8 39. fxe4 f3 40. Bf1 Ng4 41. Bxh3 Nf2+
42. Kg1 Nxd1 43. Kf1 Ra8 44. Bf5 Ne3+ 45. Kf2 Nxf5 46. exf5 Rxf5 47. d6 Rxa2
48. d7 Rxb2+ 49. Kf1 Rd5 50. d8=Q+ Rxd8 51. Nxd8 Rxh2 52. Ne6 h6 53. Rf7 Re2
54. Nd4 Kg8 55. Rxf3 Rd2 56. Nf5 Kh7 57. Rf2 Rd3 58. Kg2 Ra3 59. Rb2 Ra6 60.
Kh3 Kg6 61. Nh4+ Kf6 62. Rf2+ Kg7 63. Kg4 Ra5 64. Rf5 1-0

[Event "EU-ch 6th"]
[Site "Warsaw"]
[Date "2005.06.20"]
[Round "3"]
[White "Jobava, Baadur"]
[Black "Galego, Luis"]
[Result "1-0"]
[WhiteElo "2637"]
[BlackElo "2493"]
[Annotator "Meulders,R"]
[PlyCount "55"]
[EventDate "2005.06.18"]
[EventType "swiss"]
[EventRounds "13"]
[EventCountry "POL"]
[SourceTitle "CBM 108"]
[Source "ChessBase"]
[SourceDate "2005.09.26"]
[SourceVersion "1"]
[SourceVersionDate "2005.09.26"]
[SourceQuality "1"]

1. c4 Nf6 2. d4 d6 3. Nc3 Nbd7 4. Nf3 e5 5. g3 Be7 6. Bg2 O-O 7. O-O exd4 8.
Nxd4 Re8 9. Qc2 Bf8 (9... a5 10. b3 c6 11. Rd1 Nc5 12. Bf4 Bf8 13. Rab1 Nfd7 (
13... Nh5 14. Be3 Qc7 $14) 14. a3 Ne5 15. b4 axb4 16. axb4 Ncd7 17. Ne4 $16 {
1-0 Hausrath,D-Fritsche,L/Germany 2003 (28) Und Weiß baute seinen spürbaren
Vorteil schnell aus.}) 10. e4 c6 11. h3 a5 12. Be3 Nc5 13. Rad1 Qb6 14. b3 (14.
a3 a4 15. g4 h6 16. f4 $14) 14... a4 15. Rb1 axb3 16. axb3 Qb4 17. Bd2 {
[%csl Rb4,Rc7][%cal Gc3d5,Gd5c7,Gd2b4]} Qb6 18. Rfd1 Ncxe4 $2 {Es war nicht zu
leicht im voraus zu sehen, aber dieser taktische Optimismus führ zwangsläufig
zum Verlust.} ({Nach das bescheidene} 18... Bd7 {ist Schwarz besser entwickelt
als in der Partie.} 19. b4 Na6 20. Bg5 $14) 19. Nxe4 Nxe4 20. Bxe4 Qxd4 {
Die "Pointe", aber die Schwächung der Königsflugel wird Schwarz fatal.} 21.
Bxh7+ Kh8 22. Bc3 Qc5 23. Rd4 {[%csl Rh8][%cal Gd4h4,Gh4h7,Gc3g7]} Be7 {
[%cal Ge7h4]} 24. Re1 {[%csl Re8][%cal Gd4h4,Ge1e8]} Be6 (24... Bxh3 $2 25.
Rxe7 Rxe7 26. Rh4 $18) 25. Rxe6 $1 fxe6 26. Rg4 e5 {[%csl Rc5]} (26... Bf8 27.
b4 $18) 27. Qg6 Bf6 28. Bg8 $3 {Sehr hübsch. Weiß nützt den Umstand, dass die
schwarze Dame völlig im Abseits steht.} (28. Bg8 Kxg8 29. Qxf6 {und Matt ist
unvermeidlich.}) 1-0

[Event "GER-ch 77th"]
[Site "Osterburg"]
[Date "2006.02.07"]
[Round "5"]
[White "Tischbierek, Raj"]
[Black "Degtiarev, Evgeny"]
[Result "1-0"]
[WhiteElo "2466"]
[BlackElo "2388"]
[Annotator "Meulders,R"]
[PlyCount "63"]
[EventDate "2006.02.03"]
[EventType "swiss"]
[EventRounds "9"]
[EventCountry "GER"]
[SourceTitle "CBM 112"]
[Source "ChessBase"]
[SourceDate "2006.06.07"]
[SourceVersion "1"]
[SourceVersionDate "2006.06.07"]
[SourceQuality "1"]

1. c4 c6 2. e4 e5 3. Nf3 d6 4. d4 Nd7 5. Nc3 Ngf6 6. Be2 Be7 7. O-O O-O 8. Re1
Qc7 9. Bf1 a6 10. d5 c5 (10... cxd5 11. cxd5 b5 12. Bd2 Nb6 (12... Qb7 13. h3
Nb6 14. Qb3 Rb8 15. Qb4 Bd7 16. b3 Ra8 17. Qa3 Nc8 18. Qb2 Bd8 19. Rab1 h6 20.
a4 b4 21. Nd1 Ne7 22. Rc1 Ng6 23. Qc2 a5 {1/2-1/2 Csiszar,C-Bischoff,K/Senden
2003 (23)}) 13. b3 (13. Rc1 Qb7 14. a4 bxa4 15. Na2 Nfd7 16. Nb4 Nc5 $15 {
1-0 Adla,D-Gimeno Oteo,M/Zaragoza 1995 (41)}) 13... Bd7 14. Rc1 Qb7 15. h3 Rfc8
$11 {1-0 Monroy,E-Ocampo Vargas,R/Mexico 1988 (40)}) (10... h6 11. a3 Nh7 12.
Be3 c5 13. b4 b6 14. Qa4 Ra7 15. bxc5 bxc5 16. Rab1 Ng5 17. Nxg5 Bxg5 18. Bxg5
hxg5 19. Qc6 $14 {1/2-1/2 Ryan,M-Nguyen Huu Hoang/France 2005 (31)}) 11. a3 Ne8
(11... Nb6 12. h3 Bd7 13. Bd3 $14 {Schwarz hat Raummangel und keinen aktiven
Plan.}) 12. b4 (12. Qc2 g6 13. Bh6 Ng7 14. Bd3 Nf6 15. h3 (15. b4 b6 16. Reb1
Ng4 17. Bxg7 Kxg7 18. bxc5 bxc5 19. h3 Nh6 20. Na4 Ra7 21. Nb6 Bb7 22. Qd2 Rb8
23. Ra2 Bd8 24. Rab2 Ng8 25. Bc2 Nf6 $14 26. Qd1 Qe7 27. Nd2 Bc7 28. Nc8 $4
Bxc8 29. Rxb8 Bxb8 30. Rxb8 Bb7 $19 {0-1 Vickery,J-Simons,M/St Helier 1998 (30)
}) 15... Kh8 16. b4 b6 17. Rab1 Ng8 18. Bd2 f5 19. bxc5 bxc5 20. Na4 f4 21. Nb6
$16 {1-0 Martin del Campo,R-Santa Torres,L/Sagua la Grande 1989 (41)}) 12... g6
{Das übliche Manöver, um 'Luft' zu bekommen: g6, Ng7, f5)} 13. Bh6 Ng7 14. Qd2
b6 15. Rab1 f5 $6 {Konsequent, aber der kommende Springerausfall zwingt
Schwarz den nützlichen Be7 aufzugeben.} (15... f6 16. Bd3 Rf7 17. Nh4 Bf8 {
ist vielleicht passiv, aber solide.}) 16. exf5 gxf5 17. Ng5 Bxg5 18. Qxg5 {
[%csl Rf8,Rg7,Rg8][%cal Gg5g7,Gh6f8]} Nf6 19. bxc5 bxc5 20. Rb6 {Dieser Turm
ist natürlich tabu.} Nfe8 21. Rc6 Qf7 22. Rb1 Qg6 23. Rcb6 {[%cal Gb6b8]} Qxg5
24. Bxg5 Rf7 25. Be2 Rfa7 {Weiß hat fast alles, was er haben wollte:
Läuferpaar, Turmkontrolle entlang der b-Linie, passive schwarze Springer...}
26. f4 $1 {Macht den schon schlechten Bc8 noch schlechter.} e4 27. h3 {[%cal
Gg2g4]} Kf7 28. Kf2 Kg6 29. Ke3 h6 30. Bh4 h5 31. Bd1 {Weiß hat viel Zeit und
Schwarz ist fast im Zugzwang.} Bd7 $2 {Zeitnot oder Schwarz war es satt zu
leiden.} (31... Rf7 32. Ba4 Raa7 33. g4 Bd7 34. Bc2 $16) 32. Be7 {Jetzt bricht
die schwarze Stellung völlig zusammen.} 1-0

[Event "USA-ch"]
[Site "Seattle"]
[Date "2002.01.09"]
[Round "5"]
[White "Rey, Guillermo"]
[Black "Ambartsoumian, Armen"]
[Result "1-0"]
[WhiteElo "2346"]
[BlackElo "2388"]
[Annotator "Meulders,R"]
[PlyCount "71"]
[EventDate "2002.01.05"]
[EventType "swiss"]
[EventRounds "9"]
[EventCountry "USA"]
[SourceTitle "CBM 087"]
[Source "ChessBase"]
[SourceDate "2002.03.21"]
[SourceVersion "1"]
[SourceVersionDate "2002.03.21"]
[SourceQuality "1"]

1. d4 c6 2. c4 d6 3. Nc3 Nf6 4. e4 Nbd7 5. Nf3 e5 6. Be2 Be7 7. O-O O-O 8. Be3
Ng4 (8... Qc7 9. d5 c5 10. Nd2 Ne8 11. Rb1 g6 12. b4 cxb4 13. Rxb4 Nc5 14. Nb3
Bd7 15. Bh6 $1 Ng7 16. Nxc5 dxc5 17. Rb2 Rfd8 18. d6 $1 Qxd6 19. Qxd6 Bxd6 20.
Bg5 $16 {Danailov,S-Roth,P Wien op 1990 CBM/21}) 9. Bd2 a6 10. d5 cxd5 (10...
Ngf6) (10... Qc7) 11. cxd5 b5 12. b4 (12. Ne1 $5 Ngf6 13. Nc2 Nc5 14. f3 Bd7
15. b4 Na4 16. Nxa4 bxa4 17. Na3 $1 $14 {Chekhov,V-Hickl,J BRD 1992 Inf 57/73/}
) 12... Nb6 13. a4 {'+/=!' Ribli.} (13. h3 Nf6 14. Be3 Bd7 15. Nxe5 dxe5 16. d6
Re8 17. dxe7 Rxe7 18. Qd2 Re6 19. Rfd1 Qb8 20. Rac1 $14 {1/2-1/2 Ivanov,
V-Malaniuk,V/Moscow 1996/EXT 99 (25)}) 13... bxa4 14. Nxa4 {[%csl Ra6]} f5 {
Ohne diesen Zug ist es schwer für Schwarz in die Partie zu kommen.} (14... Nf6
15. Nc3 $1 Qc7 16. Qb3 Qb7 17. Ra5 Ne8 18. b5 $1 $16 {Piskov,Y-Ikonnikov,V
Douai 1993 Inf 57/73/}) 15. exf5 Bxf5 {Endlich macht das ewige Sorgenkind im
Alt-Indischen, der weissfeldrige Läufer, mit...} 16. Nc3 Bc8 {...under jetzt
steht er wieder passiv. Die Alternative ist} (16... Qc8 17. Qb3 Kh8 (17... Qb7
18. Ra5 Nd7 19. h3 Ngf6 20. Nh4 g6 21. Nxf5 gxf5 22. Qa3 Rfb8 23. Rb1 Bd8 24.
Rxa6 Bb6 $14 {Belov,I-Petrosian,A Moscow 1991/}) 18. Ra5 e4 19. Nd4 Bf6 20. Ne6
Re8 21. Bxg4 $2 {Es gab kein Grund diesen Läufer zu tauschen. Er hätte in der
Verteidigung des K noch gute Dienste leisten können, weil der beste Freund des
K (der N) vertrieben wurde.} (21. Rc1 $1) 21... Nc4 $1 {Ein überraschender
Zwischenzug.} 22. Bxf5 Nxd2 23. Qd1 Qxc3 24. Qh5 {Es sieht so aus als sitze
Weiß am längeren Hebel, aber Schwarz kann sich genügend verteidigen.} g6 $8 {
Diagram [#]} 25. Bxg6 Re7 26. Rd1 Rg8 27. Qe2 $2 (27. Bf5 $1 Nf3+ $1 28. Kh1
Qb3 $1 29. Rc1 Qb2 30. Rf1 Qe2 31. Rc1 $11) 27... Nf3+ 28. gxf3 exf3 $15 29.
Qe1 Qc2 $1 {[%cal Gc2g6,Gg6g2]} 30. Kh1 Qxg6 {[%csl Rg2]} 31. Qf1 Qh6 $19 {
[%csl Rh2][%cal Gf6e5,Gh6h2,Ge5h2,Gg8g2]} 32. Rxa6 Be5 33. h3 Rxe6 $1 {0-1
Ionov,S-Sturua,Z/Ohrid 2001/CBM 84/[Meulders] (33)} 34. dxe6 Qf4 {[%csl Rh2]})
17. h3 Nh6 $2 {Das ist doch sehr optimistisch; Schwarz bekommt die halboffene
g-Linie, aber zu welchem Preis....} 18. Bxh6 gxh6 19. Nd2 Kh8 20. Nde4 Rg8 21.
Bg4 (21. Kh1 $5) 21... Bxg4 22. hxg4 Qd7 23. f3 h5 24. gxh5 Qh3 25. Ra2 $1 {
Selbstverständlich muss Weiß g2 decken, aber mit dem Textzug bereitet er auch
schon den Gegenangriff vor.} Qxh5 26. Qd3 Qh3 27. g3 $1 Rg6 28. Rh2 Qf5 {
/\...Rxg6-+} 29. Kg2 Rg7 30. Rfh1 Nd7 31. Rh5 Qf7 32. Rh6 Rg6 $2 {Noch etwas
schlimmer als} (32... Nf6 33. Nxf6 Bxf6 34. Ne4 $18) 33. Ng5 $1 $18 Bxg5 34.
Qxg6 Qxg6 35. Rxg6 Bd2 36. Ne4 1-0

[Event "MK Cafe Cup-A"]
[Site "Koszalin"]
[Date "1999.08.13"]
[Round "10"]
[White "Shcherbakov, Ruslan"]
[Black "Malaniuk, Vladimir P"]
[Result "1-0"]
[WhiteElo "2541"]
[BlackElo "2525"]
[Annotator "Meulders,R"]
[PlyCount "81"]
[EventDate "1999.08.03"]
[EventType "swiss"]
[EventRounds "9"]
[EventCountry "POL"]
[SourceTitle "CBM 073"]
[Source "ChessBase"]
[SourceDate "1999.12.01"]
[SourceVersion "1"]
[SourceVersionDate "1999.12.01"]
[SourceQuality "1"]

1. d4 Nf6 2. c4 d6 3. Nf3 Nbd7 4. Nc3 c6 5. g3 e5 6. Bg2 Be7 7. O-O O-O 8. e4
a6 9. Re1 Re8 10. b3 b5 (10... b6 11. Bb2 Bb7 12. Qd2 Qc7 13. Rac1 Rad8 14. d5
Qb8 15. dxc6 Bxc6 16. Nd5 Nc5 17. Nh4 Nxd5 18. cxd5 Bd7 19. Nf5 Bf8 20. Ne3 {
1/2-1/2 Bouwmeester,H-Van Esch,S/NLD-chT9596 1995/EXT 99 (20)}) 11. h3 (11. c5
Bb7 12. cxd6 Bxd6 13. Bb2 Qe7 14. Qd2 Rad8 15. Rad1 Qf8 {1/2-1/2 Browne,
W-Henley,R/Surakarta 1982/MCD (15)}) 11... Bb7 12. Qc2 Bf8 13. Bb2 Rc8 {
Die Alt-Indische Verteidigung hat ein solider, leicht passiver Ruf. In der
vorliegenden Stellung hat Schwarz sich zuverlässig entwickelt. Seine Stellung
weisen keine Schwächen auf.} 14. Rad1 exd4 ({Ich glaube es war nicht nötig den
zentraler Stützpunkt e5 auf zu geben. Natürlich bekommt Schwarz etwas Drück
entlang die halboffene e-Linie, aber der Pd6 ist jetzt rückständig und der Nd4
steht aktiv.} 14... Qc7 {ist eine Alternative.}) 15. Nxd4 {[%csl Rd6][%cal
Gd4f5]} bxc4 16. bxc4 d5 {[%cal Gc4d5,Gc8c2]} 17. Nf5 $1 $14 {Natürlich ist
Weiss nicht so freundlich um durch cxd5 die c-Linie fûr den schwarzen Turm zu
öffnen.} Qc7 18. f4 g6 (18... dxc4 $6 19. Na4 $1 (19. e5 Nd5) 19... g6 20. Ne3
Nh5 21. Ng4 Bg7 22. Bxg7 Kxg7 23. Qc3+ f6 24. e5 c5 25. Bxb7 Qxb7 26. Rd6 $16)
19. e5 $1 gxf5 (19... Nh5 20. Bf3 $1) 20. exf6 Rxe1+ 21. Rxe1 Nxf6 {[%cal
Gb2h8,Gg2d5,Ge1e8]} 22. Re5 (22. Qxf5 Qb6+ 23. Kh1 Qxb2 24. Qxf6 Bg7 25. Qf5
Rf8 $1 (25... Qxc3 26. Re7 Rf8 27. Rxb7 Qxc4 $17)) 22... d4 23. Rxf5 (23. Qxf5
$5 Bg7 (23... dxc3 24. Qxf6 $18) 24. Na4 $16) 23... Bg7 24. Na4 $14 {[%csl Rb6,
Rc5,Rd4,Rg5]} Nd7 {[%cal Gc6c5,Gb7g2]} 25. Qe4 $1 Qd6 26. Rg5 h6 27. c5 Qe6 $2
(27... Qf8 $1 28. Rxg7+ (28. Rg4 Nf6 (28... f5 29. Qe6+ Qf7 30. Rxg7+ $1 Kxg7
31. Bxd4+ Nf6 32. Qxf5 $16) 29. Rxg7+ Kxg7 30. Qxd4 Qe7 31. Qd6 $1 Re8 32. Nb6
$16 {[%cal Gb6d7]}) 28... Qxg7 29. Bxd4 Qg6 30. f5 Qxg3 31. Qe7 Qg5 $1 32. Qxd7
Rd8 33. Qxb7 Rxd4 34. Qb8+ Kh7 35. Qb3 Qc1+ 36. Kh2 Qf4+ 37. Kh1 $11) 28. Qxd4
$1 $18 f6 29. Rg4 Kh8 30. Kh2 Re8 31. Nc3 Bc8 32. Ne4 Qxa2 33. Rxg7 Rxe4 $1 (
33... Kxg7 34. Nxf6 $18) 34. Bxe4 Kxg7 35. Bxc6 Qe6 36. Bg2 Nf8 37. c6 Qe7 38.
Qc3 (38. g4 $5) 38... Ne6 39. Qe3 Qc5 40. Qf3 a5 41. f5 $6 (41. f5 $6 Ng5 42.
Qd5 Qxd5 43. Bxd5 Bxf5 44. g4 Bc8 45. h4 Nf7 46. Kg3 Kg6 47. Kf4 Nd6 48. Bb3
$16) (41. Qg4+ $1 Kf7 42. Qh4 $18) 1-0